000 00771nam a2200217Ia 4500
001 9367
003 GE_BSU
008 181216s||||||||xx |||||||||||||| ||und||
040 _cGE_BSU
080 _a821.353.1–32
100 _aლორთქიფანიძე,ნიკ.
245 _aბილიკებიდან ლიანდაგზე
245 _bმოთხრობა
260 _aტფილისი
260 _c1929(გარეკანზე 1930)
300 _a224გვ.18სმ.
520 _aა/კ.რკ.პროფკავშირ.კულტგანყ. პ/განყ. მე-2 სტ.
653 _aბილიკებიდან ლიანდაგზე
653 _aმოთხრობა
942 _cBK
999 _c42663
_d42663